000 004510000a22001810004500
003 MACL
005 20160112134808.0
008 160112b xxu||||| |||| 00| 0 eng d
040 _aMACL
_cMACL
041 _aEnglish
082 _a920/VER
100 _aVerma, Vinay
_931328
245 _aThe Autobiography of Kapil Dev
260 _bHarper & Row Publishers
_c1986
_aBombay
350 _a30
650 _aBiography
_931329
942 _cBK
_k920/VER
_2ddc
999 _c33856
_d33856